000 00673cam a2200181 4500
001 WS114598
008 010917n 000 0 eng u
035 _a(Sirsi) u114598
110 _aInstitution of Occupational Safety and Health
_94131
245 _aInstitution of Occupational Safety and Health
520 _aWeb site for this organisation representing health and safety professionals. Inlcudes news pages and detailsof events.
650 _aORGANISATION
650 _aDISCUSSION FORUM
650 _aOCCUPATIONAL HEALTH
690 _aHealth and safety
_96244
856 4 0 _uhttps://www.iosh.co.uk
_zView the website free of charge at www.iosh.co.uk...
942 _n0
999 _c119879
_d119879